Les meilleurs buteurs entre 1990 et 2000 en Ligue des Champions - Statistiques

Statistiques générales
  • Ce quiz a été pris 53 fois
  • Le résultat moyen est 5 sur 10
Statistiques - réponses
Classement Nationalité Nombre de but Joueurs % Correct
8 Ukraine 19 buts Andriy Shevchenko
88%
1 France 24 buts Jean-Pierre Papin
83%
7 Brésil 19 buts Rivaldo
79%
4 Espagne 23 buts Raul
75%
5 Italie 20 buts Alessandro Del Piero
67%
10 Finlande 18 buts Jari Litmanen
40%
9 Pays-Bas 18 buts Patrick Kluivert
38%
6 Ukraine 20 buts Sergiy Rebrov
13%
2 Italie 24 buts Marco Simone
6%
3 Brésil 23 buts Jardel
4%
Aucun quiz correspondant
Distribution des résultats
% des personnes avec chaque résultat
Percentile par nombre de réponses
Votre historique - résultats
Vous n’avez pas pris ce quiz